Statistics for Hong Kong MTR Lines 黨鐵路綫

Click here to take the quiz!

General Stats

  • This quiz has been taken 476 times
    (210 since last reset)
  • The average score is 9 of 10

Answer Stats

TerminalsLine% Correct
Tsuen Wan - CentralTsuen Wan Line 荃灣綫
96%
Sunny Bay - Disneyland ResortDisneyland Resort Line 迪士尼綫
95%
Hong Kong - AsiaWorld-ExpoAirport Express 機場快綫
94%
Admiralty - Lo Wu / Lok Ma ChauEast Rail Line 東鐵綫
92%
Kennedy Town - Chai WanIsland Line 港島綫
92%
Hong Kong - Tung ChungTung Chung Line 東涌綫
92%
Whampoa - Tiu Keng LengKwun Tong Line 觀塘綫
90%
Tuen Mun - Wu Kai ShaTuen Ma Line 屯馬綫
89%
Admiralty - South HorizonsSouth Island Line 南港島綫
87%
North Point - Po Lam / LOHAS ParkTseung Kwan O Line 將軍澳綫
87%

Score Distribution

Percentile by Number Answered

Percent of People with Each Score

Your Score History

You have not taken this quiz since the last reset